000
00335nam a2200145Ia 4500
003
OSt
005
20231212075752.0
008
170524s9999 xx 000 0 und d
020
_a
978-81-7992-878-3
040
_c
iimt
100
_a
Michael armst
245
0
_a
Performance Management & Development
260
_a
Jaico
942
_2
ddc
_c
02
999
_c
3232
_d
3232